[Event "New York Winter Invitational IM-C 2022"]
[Site "New York"]
[Date "2022.01.17"]
[Round "8.2"]
[White "Uyanga, Byambaa"]
[Black "Nakada, Akira"]
[Result "0-1"]
[WhiteElo "2063"]
[BlackElo "2249"]
[Annotator "TA"]
[PlyCount "82"]
[EventDate "2022.01.11"]
[EventType "tourn"]
[EventCountry "USA"]
[SourceTitle "playchess.com"]
[Source "ChessBase"]
[SourceQuality "1"]

{[%evp 9,82,0,11,0,35,0,0,-8,4,-7,-9,-12,0,0,0,0,0,7,0,0,0,-8,21,12,11,-55,12,2,0,0,0,-8,0,-9,-9,-15,0,0,8,-61,-61,-61,-61,-54,-64,-83,-43,-32,-47,-245,-48,-170,-111,-180,-175,-237,-153,-160,-141,-172,-128,-273,-293,-288,-290,-286,-289,-276,-275,-401,-396,-714,-706,-29980,-29979]} 1. e4 c6 2. d4 d5 3. e5 c5 4. Nf3 cxd4 5. Nxd4 Nc6 6. f4 {B12: Caro-Kann: Advance Variation.} Qb6 7. c3 (7. Nb3 {is more complex.} Bf5 8. Qxd5 Bxc2 9. e6 fxe6 10. Qxe6 Nh6 11. Bc4) 7... e6 {[#]} 8. a4 $146 {[%cal Oa4a5] The position is equal.} ({Predecessor:} 8. Bb5 Bd7 9. Bxc6 bxc6 10. O-O c5 11. Nf3 Ne7 12. Kh1 h5 13. Qe1 Nf5 14. Nh4 Nxh4 15. Qxh4 {0-1 (33) Mrdja,M (2292)-Garv,G (1888) Novi Sad 2020}) 8... Nxd4 9. cxd4 Bb4+ 10. Nc3 {[%cal Oa4a5]} Ne7 {aiming for ...Nf5.} 11. Be3 O-O 12. Bd3 f5 13. O-O Nc6 14. Kh1 Bd7 {[%cal Bc8d7,Bd7e8,Be8g6][%mdl 32]} 15. Rg1 Be8 (15... Nxd4 $2 16. Bb5 $18) 16. g4 Ne7 17. Ne2 (17. Na2 $11) 17... Qd8 (17... fxg4 $1 $15 18. Rc1 h5) 18. Ng3 Bg6 19. Rg2 Rc8 20. Qe2 Rf7 21. Rag1 Rc7 22. h3 Kh8 23. Rh2 Qc8 24. h4 ({White should try} 24. g5 $11) 24... fxg4 $15 {And now ...Bxd3 would win.} 25. Bxg6 Nxg6 26. Qxg4 Ne7 27. h5 Nf5 28. Nxf5 Rxf5 29. Bf2 $2 {[#]} ({White should play} 29. Ra1 $15) 29... Qf8 $2 (29... Bd2 $1 $19 30. Bg3 (30. h6 $2 g6 $19) 30... Be3) 30. Bg3 (30. Be3 $15) 30... Rc4 (30... Ba5 $19 31. h6 g6) 31. Rhg2 (31. Qd1 $17) 31... Qf7 $19 ({Worse is} 31... Rxd4 32. Rc1) 32. Rh2 (32. h6 $142 Qh5+ 33. Qxh5 Rxh5+ 34. Rh2 Rxh2+ 35. Kxh2) 32... h6 33. Rd1 Kh7 34. Qe2 Ba5 (34... Kg8 $19 35. Rd3 Bf8) 35. Qd3 (35. b3 $17 Rc7 36. Rg1) 35... Bb6 ({Weaker is} 35... Rxa4 36. Qb5 Rg5 37. Qxa4 $14) 36. Bf2 Kh8 ({And not} 36... Rxa4 37. Be3 $17) 37. b3 Rc8 38. Be3 Rxh5 39. Qe2 (39. Rg1 $142) 39... Rxh2+ 40. Qxh2 $2 (40. Kxh2 Qg6 41. Rd3) 40... Qf5 {[#] Threatens to win with ...Qe4+.} 41. Qg2 Qh5+ {Weighted Error Value: White=0.64/Black=0.23 (precise)} 0-1

[Event "New York Winter Invitational IM-C 2022"]
[Site "New York"]
[Date "2022.01.17"]
[Round "8.3"]
[White "Paciorkowski, Lev"]
[Black "Narayanan, Samrug"]
[Result "1/2-1/2"]
[WhiteElo "2335"]
[BlackElo "2320"]
[Annotator "TA"]
[PlyCount "77"]
[EventDate "2022.01.11"]
[EventType "tourn"]
[EventCountry "USA"]

{[%evp 9,77,0,6,3,20,10,19,8,17,16,17,6,27,15,26,22,27,23,26,0,46,6,35,22,50,43,70,69,67,27,40,31,49,25,29,30,59,59,59,59,46,37,83,85,90,90,100,100,134,134,134,133,134,137,161,104,102,11,118,11,11,4,4,0,0,0,0,0,0,0]} 1. Nf3 d5 2. e3 Nf6 3. b3 e6 4. Bb2 b6 5. g3 Bb7 6. Bg2 {A06: Réti Opening: 1 Nf3 d5.} Nbd7 7. O-O Bd6 8. d4 O-O 9. c4 Qe7 10. Nc3 a6 {[#]} 11. Qc2 $146 ({Predecessor:} 11. Rc1 Rac8 12. cxd5 exd5 13. Rc2 Rfe8 14. Qc1 Ne4 15. Ne2 Nf8 16. Nf4 Ng6 17. Nd3 {1-0 (51) Cheparinov,I (2688)-Gavrilescu,D (2476) Tornelo INT 2020}) 11... Rac8 12. Rac1 Rfd8 13. Nd2 c5 14. Rfe1 h6 (14... cxd4 $11 15. exd4 Qf8) 15. Qb1 Qf8 16. dxc5 bxc5 17. Red1 Qe7 18. cxd5 exd5 19. Nf3 (19. Nc4 {with more complications.} dxc4 20. Bxb7 Rb8 21. Nd5 Qe6 22. Bxa6 cxb3 23. Nxf6+ Nxf6 24. Bc4) 19... Ne5 {[%cal Od5d4]} 20. Nxe5 (20. Nh4 {feels hotter.} Qe6 21. Ne2 Neg4 22. Nf5 Be5 23. Nf4) 20... Bxe5 21. Ne2 {Prevents d4.} (21. Na4 $5 {[%cal Rb2e5]}) 21... Bxb2 22. Qxb2 Qe6 23. b4 Qb6 24. Rb1 $1 {Black must now prevent bxc5.} c4 25. Rd4 Bc6 (25... Ne8 $1 $14) 26. Nc3 $16 Rb8 27. a4 Qc7 28. Qd2 Qe5 29. e4 Qe8 {[%cal Rd5e4]} 30. exd5 Bxa4 31. Rxc4 Bd7 32. Re1 ({Better is} 32. d6 $18) 32... Qf8 33. d6 (33. Qf4 $16) 33... Be6 {[#]} (33... Rb6 $1 $11) 34. Rd4 {White is much more active.} (34. Rc6 $1 $16) 34... Rb6 $1 $11 {The position is equal.} 35. Rd1 {And now Na4 would win.} Bb3 {Inhibits Na4.} 36. Rb1 Rbxd6 37. Rxd6 Rxd6 38. Qe2 Be6 39. b5 {Weighted Error Value: White=0.18 (very precise) /Black=0.14 (very precise)} 1/2-1/2

[Event "New York Winter Invitational IM-C 2022"]
[Site "New York"]
[Date "2022.01.17"]
[Round "8.4"]
[White "Zeltsan, Joseph"]
[Black "Eckert, Doug"]
[Result "1-0"]
[WhiteElo "2325"]
[BlackElo "2206"]
[Annotator "TA"]
[PlyCount "155"]
[EventDate "2022.01.11"]
[EventType "tourn"]
[EventCountry "USA"]
[SourceTitle "playchess.com"]
[Source "ChessBase"]
[SourceQuality "1"]

{[%evp 9,155,34,38,-5,0,0,9,1,4,0,0,0,4,0,0,0,2,0,0,0,0,0,0,0,0,0,3,0,12,6,14,5,11,4,12,6,11,0,10,10,11,7,11,11,7,7,12,7,12,15,16,4,5,4,8,8,8,8,27,8,8,8,8,0,0,0,0,0,0,0,0,8,0,0,0,0,8,8,8,8,54,8,8,8,12,8,8,8,8,0,0,0,0,0,0,0,0,0,0,0,0,0,0,0,0,0,0,0,0,0,0,0,0,0,0,0,0,0,0,0,0,0,0,0,0,0,83,83,83,129,127,8,8,8,17,3,8,10,10,10,73,73,183,183,317,0,29986,29987]} 1. d4 Nf6 2. c4 e6 3. Nf3 d5 4. Nc3 Bb4 5. Bg5 h6 6. Bd2 {D38: Queen's Gambit Declined: Ragozin Defence (4 Nf3 Bb4).} (6. Bxf6 $14 Qxf6 7. e3) 6... c5 7. a3 Bxc3 8. Bxc3 {[#] The position is equal.} Ne4 $146 ({Predecessor:} 8... cxd4 9. Qxd4 O-O 10. Ne5 dxc4 11. e3 Nd5 12. Bxc4 Nxc3 13. Qxc3 Nd7 14. Nf3 Nb6 {½-½ (45) Li,D (2529)-Cheparinov,I (2679) China 2019}) 9. Qc2 Nxc3 10. Qxc3 cxd4 11. Qxd4 O-O 12. e3 Nc6 13. Qc3 dxc4 14. Bxc4 Bd7 15. O-O Rc8 16. Rfd1 Qc7 17. Be2 Rfd8 18. b4 Nb8 19. Qb2 Be8 20. Rxd8 Qxd8 21. Rc1 Rxc1+ 22. Qxc1 Nc6 23. h3 Qd6 24. Qc3 a6 25. Nd2 Qe5 26. Qxe5 Nxe5 $11 {[%mdl 4096] Endgame KBN-KBN} 27. f4 Nc6 28. Ne4 {Black must now prevent Nd6.} Nd8 29. Kf2 Kf8 30. g4 Bc6 31. Nd2 g5 32. Nb3 Ke7 33. Nc5 f5 34. Bf3 {And now Bxc6 would win.} Kd6 35. Bxc6 Kxc6 {KN-KN} 36. Ke2 a5 37. Kd3 axb4 38. axb4 b6 39. Nb3 Kb5 40. Nd4+ Kxb4 41. gxf5 exf5 42. Nxf5 Nf7 43. fxg5 hxg5 44. Kd4 Nh8 (44... b5 $11) 45. Ne7 (45. e4 $14 {feels stronger.} Ng6 46. e5) 45... Nf7 46. e4 {Threatens to win with e5.} b5 47. e5 Nd8 48. Kd5 Kc3 49. Nc6 Nxc6 50. Kxc6 {KPP-KPP} b4 51. e6 b3 52. e7 b2 53. e8=Q b1=Q {To avoid Qg6. KQ-KQ} 54. Qe5+ Kd2 55. Qxg5+ Ke2 56. h4 {White threatens Qb5+ and mate.} Qc2+ 57. Kd6 {Threatening mate with Qg2+.} Qd3+ 58. Ke6 {Intending Qe5+ and mate.} Qc4+ 59. Kd7 Qa4+ 60. Ke7 Qe4+ 61. Kf7 Qc4+ 62. Kg7 Qc7+ 63. Kg6 Qc6+ 64. Qf6 Qe8+ 65. Kg7 Qd7+ 66. Kh6 Qd2+ 67. Kg6 Qc2+ {[#]} (67... Qd3+ $11 {remains equal.} 68. Kf7 Kd1) 68. Qf5 $1 $16 Qc6+ 69. Kg5 Qc1+ {[#]} 70. Kg4 (70. Qf4 $1 $16 {[%cal Rf4c1]} Qc5+ 71. Kg6) 70... Qg1+ $11 71. Kh5 Qa7 72. Qe4+ Kf1 73. Kg6 Qb6+ 74. Kf5 Qb5+ (74... Kg1 $11 75. h5 Kh2 76. Qh4+ Kg2) 75. Kg4 $16 {Qf5+ would kill now.} Qb6 (75... Kg1 $16 76. h5 Qd7+ 77. Kg3 Qd6+ 78. Kf3 Qd1+ 79. Kg3 (79. Qe2 Qd5+ 80. Kg4 Qd4+ 81. Kf5 Qd7+ 82. Kf4 Qd8 $18) 79... Qd6+ 80. Kf3 Qd1+ 81. Kg3 (81. Qe2 Qd5+ 82. Kg3 Qd6+ 83. Kh3 Qa3+ 84. Kh4 Qf8 $18) 81... Qd6+) 76. h5 $18 Qg1+ (76... Kf2 {was worth a try.} 77. Qf4+ Ke1) 77. Kh3 $2 ({White should play} 77. Kf4 $18 {White wants to mate with Qb1+.} Qh2+ 78. Kg5 Qg3+ 79. Qg4) 77... Qg5 $2 {[%mdl 8192]} (77... Qe3+ $11 78. Qxe3) 78. Qf3+ {Weighted Error Value: White=0.04 (flawless) /Black=0.03 (flawless)} 1-0

[Event "New York Winter Invitational IM-C 2022"]
[Site "New York"]
[Date "2022.01.18"]
[Round "9.2"]
[White "Eckert, Doug"]
[Black "Griffith, Kyron"]
[Result "0-1"]
[WhiteElo "2206"]
[BlackElo "2345"]
[Annotator "TA"]
[PlyCount "154"]
[EventDate "2022.01.11"]
[EventType "tourn"]
[EventCountry "USA"]
[SourceTitle "playchess.com"]
[Source "ChessBase"]
[SourceQuality "1"]

{[%evp 20,154,0,0,0,0,15,40,36,14,43,25,68,69,62,0,10,-31,-9,-31,0,0,0,-272,-247,-287,-290,-279,-295,-275,0,0,0,-6,-4,-4,-3,-37,-37,-36,-25,-25,-26,-28,-22,-50,-22,-25,-22,-30,-30,-22,-22,-21,-7,-6,0,-22,-14,-50,-46,-43,-38,-35,-41,-88,-93,-110,-110,-110,-110,-106,-57,-65,-61,-72,-72,-65,-77,-56,-71,-80,-59,-71,-46,-70,-66,-68,-51,-59,-67,-256,-256,-256,-168,-127,-127,-398,-398,-398,-398,-1639,-1639,-1639,-1639,-1639,-1639,-1639,-1639,-1639,-1639,-1639,-1639,-29973,-29974,-29965,-1639,-1639,-1639,-29968,-592,-29974,-29974,-29991,-29992,-29996,-29993,-29993,-29990,-29990,-29991,-29991,-29992,-29992,-29993,-29993,-29994]} 1. d4 Nf6 2. c4 e6 3. Nf3 d5 4. Nc3 dxc4 5. e3 c5 6. Bxc4 a6 7. a4 Nc6 8. O-O cxd4 9. exd4 Be7 10. Re1 O-O 11. Bg5 h6 {D27: Queen's Gambit Accepted: Classical main line: 7 e4!? and 7 a4.} 12. Bf4 {[#]} Nb4 $146 ({Predecessor:} 12... Nd5 13. Bg3 b6 14. Nxd5 exd5 15. Bf1 Be6 16. Rc1 Qd7 17. Re3 Rfc8 18. Rec3 Bb4 19. R3c2 {½-½ (42) Van Wely,L (2622)-Laznicka,V (2668) Germany 2019}) 13. Ne5 Nbd5 {White is slightly better.} 14. Bg3 Bb4 15. Rc1 Qa5 (15... Ne7 $11 {feels stronger.}) 16. Qb3 $14 Nb6 17. Ra1 (17. Re3 $14) 17... Bd7 $11 18. Reb1 (18. Bh4 $11) 18... Rac8 (18... Rfd8 {is more complex.} 19. Bh4 Rac8 20. Be2 g5 21. Bg3 Be8) 19. Be2 Bxc3 (19... Be8 {looks sharper.} 20. Na2 Nfd5 21. Qf3 Bd2 22. b3 Nc3) 20. bxc3 Rxc3 21. Nxd7 $4 {[%mdl 8192]} Rxb3 $19 22. Nxf6+ gxf6 23. Rxb3 Rc8 24. Bf4 Rc3 $2 (24... Nd5 $19 25. Bxh6 Nc3) 25. Bd2 $11 {A strong pair of Bishops.} Nd5 {[%cal Ob7b5] Threatens to win with ...b5!} 26. Rxb7 {[%cal Ob7b3]} Qd8 $1 {And now ...Rc2 would win.} 27. Bxc3 Nxc3 28. Bxa6 {[%cal Od4d5]} Qxd4 {[%cal Oc3e2] White must now prevent ...Ne2+!} 29. Rc1 Nd1 30. Rc2 Qxa4 31. Bd3 {[#]} Nc3 $1 {[%cal Oc3e2]} 32. g3 {[#]} (32. Rb8+ Kg7) 32... f5 $1 33. Rc7 Nd5 34. R7c4 Qa1+ 35. Rc1 Qe5 36. Bf1 Kg7 37. Bg2 Nf6 38. h3 Nd7 39. Rc7 Qd6 40. R7c6 Qd2 41. R6c2 Qa5 42. Rc7 (42. Bf3 $15 {might be stronger.}) 42... Ne5 $1 $17 43. R7c5 Qd2 44. R5c2 Qd4 45. Re2 f4 ({Black should try} 45... h5 $17) 46. Re4 Qd2 47. Rce1 Nd3 {[%csl LRe1,LRf2]} 48. R1e2 Qc1+ 49. Kh2 e5 50. gxf4 Nxf4 51. R2e3 Ng6 {Black is more active.} 52. Rb4 Qd2 {[%csl LRb4,LRf2]} 53. Rb7 ({Much worse is} 53. Rg4 Kf8 54. Kg1 Nf4 55. Rxe5 Ne2+ 56. Rxe2 (56. Kh2 Qd6 $17) 56... Qxe2 $17) 53... Nf4 54. Rf3 h5 {[%cal Bh6h5,Bh5h4][%mdl 32]} 55. Rbb3 $2 (55. h4 $15) 55... h4 $19 56. Rbe3 Qd4 57. Bf1 (57. Kg1 $19) 57... f5 $17 58. Ra3 $2 {[%mdl 8192] [#]} (58. Kg1 $17) 58... e4 $1 $19 59. Rxf4 {aiming for Ra5.} Qe5 {To avoid Ra5} 60. Ra7+ $2 (60. Rg3+ hxg3+ 61. fxg3) 60... Kf6 61. Ra6+ Kg5 62. Ra2 Qxf4+ {[%mdl 4096] Endgame KQ-KRB} 63. Kg1 Qe5 64. Bg2 f4 65. Bf1 e3 66. fxe3 Qxe3+ 67. Kh1 Qe4+ (67... f3 $142 68. Ra4 Kf6 69. Rg4 Qf2 70. Ba6 Qe1+ 71. Kh2 Qf2+ 72. Kh1 Qe1+ 73. Kh2 Qd1 74. Rg8 Qd2+ 75. Kh1 Qe1+ 76. Kh2 Qe5+ 77. Kg1 Qd4+ 78. Kh2 Kf7 79. Rg4 Qb2+ 80. Kg1 Qb6+ 81. Kh2 Qxa6 82. Kg1 Qe2 83. Kh1 Qe1+ 84. Rg1 f2 85. Rxe1 fxe1=Q+ 86. Kg2 Kg6 87. Kf3 Kf5 88. Kg2 Ke4 89. Kh2 Qe2+ 90. Kh1 Kf3 91. Kg1 Qg2#) 68. Rg2+ Kf6 {( -> ...f3)} 69. Kg1 Qe3+ (69... f3 $142 70. Rg4 Qe3+ 71. Kh2 Qf2+ 72. Bg2 Qd2 73. Rg8 Ke7 74. Rg7+ Ke6 75. Rg6+ Ke5 76. Rg8 Qe2 77. Rg4 Kf5 78. Rg8 f2 79. Rf8+ Kg5 80. Rg8+ Kf6 81. Bf1 Qxf1 82. Rf8+ Ke5 83. Re8+ Kd4 84. Rd8+ Ke3 85. Re8+ Kd2 86. Rd8+ {[#]} Qd3 $3 {[%mdl 512]} 87. Rxd3+ Kxd3 88. Kg2 Ke2 89. Kh1 f1=Q+ 90. Kh2 Qf4+ 91. Kh1 Kf3 92. Kg1 Kg3 93. Kh1 Qf1#) 70. Kh2 f3 {[%cal Bf4f3,Bf3f2][%mdl 32] Inhibits Be2. Black mates.} 71. Ra2 f2 72. Bg2 Qe1 {[%csl Gf2][%cal Re1g1]} 73. Ra6+ Ke5 {[%csl Gf2][%cal Re1g1]} 74. Bf1 Qxf1 {[%csl Gf2][%cal Rf1g1]} 75. Re6+ Kd5 {[%csl Gf2][%cal Rf1g1]} ({Not} 75... Kf5 76. Re5+ Kf4 77. Re4+ Kf5 78. Re5+ Kf4 79. Re4+ Kf5 80. Re5+ $11) 76. Rd6+ Kc5 {[%csl Gf2][%cal Rf1g1]} 77. Rd5+ Kc4 {Weighted Error Value: White=0.40/Black=0.13 (very precise)} 0-1

[Event "New York Winter Invitational IM-C 2022"]
[Site "New York"]
[Date "2022.01.18"]
[Round "9.3"]
[White "Narayanan, Samrug"]
[Black "Zeltsan, Joseph"]
[Result "0-1"]
[WhiteElo "2320"]
[BlackElo "2325"]
[Annotator "TA"]
[PlyCount "150"]
[EventDate "2022.01.11"]
[EventType "tourn"]
[EventCountry "USA"]
[SourceTitle "playchess.com"]
[Source "ChessBase"]
[SourceQuality "1"]

{[%evp 9,150,15,13,11,13,8,0,4,19,20,30,9,9,8,13,11,12,17,15,12,14,14,9,13,16,0,0,0,0,0,16,0,0,-44,-23,-20,-22,-30,-47,-52,-33,-46,-60,-54,-33,-25,-36,-33,-28,-71,-14,-18,-10,-83,-72,-72,-90,-79,-85,-129,-128,-121,-113,-148,-116,-200,-110,-118,-118,-108,-110,-107,-109,-122,-111,-126,-121,-124,-136,-175,-153,-285,-277,-441,-372,-468,-462,-447,-433,-478,-480,-486,-487,-516,-513,-2002,-1943,-1608,-1712,-1614,-1608,-2398,-2321,-1906,-1872,-2265,-1652,-5315,-5366,-3516,-1783,-1818,-782,-1497,0,-1805,0,-1247,-1203,-29974,-29975,-29981,-29979,-29979,-29979,-29982,-29983,-29983,-29984,-29984,-29985,-29985,-29986,-29986,-29987,-29987,-29988,-29988,-29987,-29987,-29988,-29988,-29988]} 1. e4 c5 2. Nf3 d6 3. Bb5+ Nd7 4. O-O a6 5. Bd3 Ngf6 6. Re1 {B51: Sicilian: Moscow Variation (3 Bb5+) without 3...Bd7.} e6 $1 {The main line 6...e6 scores better than 6...b5.} 7. c3 b5 8. Bc2 {The position is equal.} Bb7 9. d4 Be7 10. Nbd2 Qc7 11. Nf1 Rc8 12. Bd3 O-O 13. Ng3 Rfe8 14. h3 Bf8 15. Bg5 h6 {[#]} 16. Be3 $146 ({Predecessor:} 16. Bxf6 Nxf6 17. Qe2 c4 18. Bc2 e5 19. d5 g6 20. a4 Qb6 21. Nd2 h5 22. Qe3 Qxe3 23. fxe3 {0-1 (75) Ismayil,M (1905)-Mammadzada,G (2422) Baku 2019}) 16... Nb6 17. Rc1 Nc4 18. Bxc4 bxc4 19. Nd2 Qb8 20. dxc5 d5 21. Qa4 (21. e5 $11 Qxe5 22. Bxh6) 21... Bxc5 (21... Nd7 {is more complex.} 22. exd5 Nxc5 23. Bxc5 Bxc5 24. Nge4 Bxd5 25. Nxc5 Rxc5 26. b4 cxb3 27. axb3 Rd8) 22. Bxc5 Rxc5 {[%cal Bc8c5,Bc5b5,Bb5b6][%mdl 32]} 23. e5 {[#]} Bc6 $1 24. Qc2 Nd7 (24... Ne4 $5) 25. Nf3 Rb5 26. Rb1 Rb6 27. b4 {Inhibits Nc5.} cxb3 28. axb3 Rc8 {[%cal Be8c8,Bc8c5,Bc5e5][%mdl 32]} 29. Qd1 (29. Nf1 $1 $11) 29... Ba8 (29... Nc5 $17 {[%cal Rb6b3]} 30. Nd4 Ne4) 30. Re3 $1 $11 Nc5 {[%cal Rb6b3]} 31. Nd4 (31. Nd2 $1 $11 {remains equal.}) 31... Ne4 $1 $36 {[%mdl 2048] White is under strong pressure.} 32. Nxe4 dxe4 33. Qh5 Rc5 34. f4 (34. Qh4 $142) 34... exf3 $1 35. gxf3 Qc7 36. Rc1 Kh7 37. Kh2 (37. f4 $17) 37... g6 ({Black should try} 37... Bd5 $1 $19 38. c4 Bxc4 $1 39. Rxc4 (39. bxc4 $2 Rb2+ 40. Kg1 Rxc4 $19) 39... Rxc4 40. bxc4 Qxc4) 38. Qg4 Rxe5 39. Qf4 Rc5 40. Qxc7 Rxc7 41. f4 Rd6 {[%cal Od6d4] aiming for ...Rxd4!} 42. Ra1 g5 43. fxg5 hxg5 {[%cal Oe6e5]} 44. Ra5 Kg6 45. Rg3 (45. h4 $17) 45... f6 $19 {[%cal Bf7f6,Bf6f5,Bf5f4][%mdl 32]} 46. Ra2 (46. Kg1 $142) 46... e5 {[%cal Be6e5,Be5e4][%mdl 32]} 47. Nf3 Bxf3 48. Rxf3 {[%mdl 4096] Endgame KRR-KRR} e4 49. Re3 f5 50. c4 Rc5 51. Ree2 a5 52. Red2 (52. Re3 $142 Rd4 53. Kg2) 52... Rxd2+ 53. Rxd2 {KR-KR} f4 54. Kg2 a4 55. bxa4 Rxc4 56. Ra2 Rc6 57. a5 Ra6 58. Ra4 Kf5 59. Kf2 Ke5 60. Ke2 Kd5 {Hoping for ...Ke5.} 61. Kf2 Ke5 62. Ke2 $1 Kf5 63. Kf2 $1 {[#]} e3+ $1 64. Kf3 Rh6 {Black mates.} 65. Kg2 Rh4 66. Ra1 {[#]} g4 $1 67. a6 f3+ 68. Kg1 g3 69. a7 {[#]} Ra4 $3 {[%cal Ra4a1][%mdl 512]} 70. a8=Q Rxa8 71. Rxa8 e2 {[%cal Re2e1]} 72. Rf8+ Ke4 {[%cal Re2e1]} 73. Re8+ Kd3 74. Rd8+ Ke3 {[%cal Re2e1]} 75. Re8+ Kd2 {Weighted Error Value: White=0.48/Black=0.15 (very precise)} 0-1

[Event "New York Winter Invitational IM-C 2022"]
[Site "New York"]
[Date "2022.01.18"]
[Round "9.4"]
[White "Nakada, Akira"]
[Black "Paciorkowski, Lev"]
[Result "0-1"]
[WhiteElo "2249"]
[BlackElo "2335"]
[Annotator "TA"]
[PlyCount "90"]
[EventDate "2022.01.11"]
[EventType "tourn"]
[EventCountry "USA"]
[SourceTitle "playchess.com"]
[Source "ChessBase"]
[SourceQuality "1"]

{[%evp 13,90,54,60,58,64,72,67,59,64,61,88,94,107,107,130,127,130,92,91,73,115,87,165,29,33,51,41,-17,-14,-17,-17,-26,-18,-17,-17,-24,-24,-26,12,1,13,-116,161,161,157,61,57,-255,-254,-366,-366,-366,-366,-366,-359,-621,-612,-837,-942,-920,-891,-802,-449,-420,-456,-383,-383,-370,-363,-335,-327,-5963,-5952,-5414,-5170,-956,-592,-29982,-29981]} 1. c4 Nf6 2. Nc3 g6 3. e4 d6 4. d4 Bg7 5. Be2 O-O 6. Be3 e5 7. d5 Na6 8. g4 {E73: King's Indian: Averbakh Variation without 6...c5.} Nc5 9. f3 c6 {Recently 9...h5 got a lot of attention.} 10. h4 {White is slightly better.} cxd5 11. cxd5 Ne8 12. h5 {[#]} f5 $146 ({Predecessor:} 12... a6 13. Qd2 b5 14. Nh3 b4 15. Nd1 a5 16. Ndf2 Ra7 17. Rc1 Rc7 18. Bg5 f6 {1-0 (54) Khademalsharieh,S (2438)-Ovezdurdiyeva,J (2080) Doha 2016}) 13. hxg6 $1 hxg6 14. exf5 $1 gxf5 15. Qc2 Bd7 16. Bxc5 dxc5 17. d6 b5 {Prevents Bc4+.} (17... Nxd6 $6 18. Qb3+ Rf7 19. Rd1 $11) (17... Rf6 $16) 18. Bxb5 (18. O-O-O $18) 18... Bxb5 $11 19. Nxb5 Nxd6 20. O-O-O ({White should play} 20. Nxd6 $14 Qxd6 21. Rd1 (21. gxf5 Rad8 $14)) 20... Qg5+ 21. Kb1 Nxb5 {Chess con chili.} 22. Qc4+ Rf7 23. Qxb5 (23. Rd7 $2 Qg6 $1 24. Rxf7 Qxf7 $17) 23... fxg4 24. fxg4 (24. Qd3 $2 e4 25. Qxe4 Rb8 $19) 24... Qxg4 {[%cal Rg4d1]} 25. Nh3 Qe4+ (25... a6 $5 {[%cal Ra6b5]} 26. Qxc5 Qf5+ 27. Ka1 e4 $15) 26. Ka1 {Black must now prevent Ng5.} Rb7 {[#]} 27. Qa5 {[#]} (27. Ng5 $1 $11 Qb4 (27... Rxb5 28. Nxe4) 28. Qe2) 27... Rb6 $2 {[%mdl 8192] [#]} (27... Rxb2 $1 $17 {[%mdl 512] stays on course.} 28. Rhg1 (28. Kxb2 $2 {is the wrong capture.} Rb8+ 29. Ka3 Qe3+ 30. Ka4 Qe4+ 31. Ka3 Qe3+ 32. Ka4 Rb4+ 33. Qxb4 cxb4 $19) 28... Rb6) 28. Rhg1 $1 $18 Rf8 29. Qxa7 ({White has to play} 29. Qxc5 $16 {[%cal Og1g7] Rxg7+! is the strong threat.} Rh6 30. Nf2 (30. Qxa7 Rg6 $16)) 29... Qb7 $14 30. Rd7 $2 {[%mdl 8192] [#]} (30. Qxb7 $1 $14 {stays ahead.} Rxb7 31. Ng5) 30... Rg6 $1 $40 {[%mdl 128] Black attacks with force.} ({Inferior is} 30... Qxa7 31. Rgxg7+ (31. Rxa7 $2 Rg6 $17) 31... Kh8 32. Rh7+ Kg8 33. Rhg7+ Kh8 34. Rh7+ Kg8 35. Rhg7+ $11) 31. Rgd1 (31. Rb1 $142 Qxa7 32. Rxa7) 31... Qxa7 32. Rxa7 Rg3 33. Ng1 Rf2 {To avoid Ne2} 34. Ra8+ $2 (34. Ra3 Rxa3 35. bxa3) 34... Kh7 35. Ra3 Rxa3 36. bxa3 {[%mdl 4096] Endgame KRB-KRN} e4+ {[%cal Be5e4,Be4e3,Be3e2][%mdl 32]} 37. Kb1 e3 {aiming for ...Rb2+.} 38. Re1 Rb2+ 39. Kc1 Rxa2 {( -> ...Ra1+)} 40. Nf3 Bd4 {Threatens to win with ...Kg6.} 41. Rg1 e2 42. Rg4 (42. Rg2) 42... Rxa3 43. Ne1 Bc3 44. Rh4+ Kg6 45. Rg4+ Kf5 {Weighted Error Value: White=0.68/Black=0.27 (precise)} 0-1

[Event "New York Winter Invitational IM-C 2022"]
[Site "New York"]
[Date "2022.01.18"]
[Round "9.5"]
[White "Yudasin, Leonid"]
[Black "Uyanga, Byambaa"]
[Result "1/2-1/2"]
[WhiteElo "2465"]
[BlackElo "2063"]
[Annotator "TA"]
[PlyCount "50"]
[EventDate "2022.01.11"]
[EventType "tourn"]
[EventCountry "USA"]
[SourceTitle "playchess.com"]
[Source "ChessBase"]
[SourceQuality "1"]

{[%evp 14,50,4,-15,-12,-12,-2,-36,-18,-36,23,27,20,20,10,19,22,30,62,12,19,10,29,20,29,22,39,39,35,24,20,5,38,36,37,31,65,33,49]} 1. e4 c5 2. Nf3 d6 3. Bc4 Nf6 4. d3 Nc6 5. c3 g6 6. Bb3 Bg7 7. O-O O-O 8. Re1 b5 {[%cal Bb7b5,Bb5b4][%mdl 32] B50: Sicilian: 2...d6, Miscellaneous.} 9. h3 a5 10. a3 {[%cal Ba2a3,Ba3a4][%mdl 32]} Bb7 {Black is slightly better.} 11. d4 {[#]} e5 $146 (11... c4 $15 12. Bc2 a4) ({Predecessor:} 11... c4 12. Bc2 e5 13. Be3 exd4 14. Nxd4 Nxd4 15. Bxd4 Qc7 16. Qf3 Nd7 17. Bxg7 Kxg7 {1-0 (56) Cicak,S (2552)-Jones,G (2453) Cork 2005}) 12. d5 $11 Ne7 13. a4 b4 14. Nbd2 Nd7 15. Nc4 Qc7 16. Ne3 {White is more active.} ({White should play} 16. h4 $14) 16... h6 17. g4 Kh7 18. c4 Nf6 19. Bc2 Rad8 20. Kh2 Bc8 21. Qe2 Rh8 22. Bd2 Qd7 23. Rh1 {White is slightly better.} Kg8 24. Kg2 h5 {[%cal Rh5g4]} 25. g5 Ne8 {Weighted Error Value: White=0.09 (flawless) /Black=0.13 (very precise)} 1/2-1/2